<?xml version="1.0" encoding="UTF-8"?><OAI-PMH xmlns="http://www.openarchives.org/OAI/2.0/" xmlns:xsi="http://www.w3.org/2001/XMLSchema-instance"     xsi:schemaLocation="http://www.openarchives.org/OAI/2.0/ http://www.openarchives.org/OAI/2.0/OAI-PMH.xsd"><responseDate>2026-05-15T02:56:15Z</responseDate><request verb="GetRecord" identifier="oai:regmurcia.com:fintegr.1578" metadataPrefix="marc21">http://oai.regmurcia.com/oai2/oai2.php</request><GetRecord><record><header><identifier>oai:regmurcia.com:fintegr.1578</identifier><datestamp>2026-05-15</datestamp><setSpec>documentos</setSpec></header><metadata><record  xmlns="http://www.loc.gov/MARC21/slim" xmlns:xsi="http://www.w3.org/2001/XMLSchema-instance" xsi:schemaLocation="http://www.loc.gov/MARC21/slim http://www.loc.gov/standards/marcxml/schema/MARC21slim.xsd" type="Bibliographic"><leader>00000nam a2200000   4500</leader><controlfield tag="001" >005070675</controlfield><controlfield tag="003" >1578</controlfield><controlfield tag="004" >A00000000</controlfield><datafield tag="245" ind1=" " ind2=" "><subfield code="a">Testimonio de los regidores y jurados de Murcia, no aceptando la prorrogación del corregimiento de Lope Sánchez del Castillo.</subfield></datafield><datafield tag="300" ind1=" " ind2=" "><subfield code="c">311 x 222 mm</subfield></datafield><datafield tag="300" ind1=" " ind2=" "><subfield code="a">4 fol.</subfield></datafield><datafield tag="351" ind1=" " ind2=" "><subfield code="a">Unidad Documental</subfield><subfield code="c">Archivo de Murcia. Array</subfield><subfield code="a">Unidad Documental</subfield><subfield code="c">Archivo de Murcia. Array</subfield></datafield><datafield tag="351" ind1=" " ind2=" "><subfield code="b">Nº 34</subfield></datafield><datafield tag="506" ind1=" " ind2=" "><subfield code="a">Acceso restringido</subfield></datafield><datafield tag="520" ind1=" " ind2=" "><subfield code="a">El documento incluye:&lt;/br&gt;- Testimonio de los regidores y jurados de Murcia, que se quejan ante los reyes de la prorrogación de 40 días de Lope Sánchez del Castillo como corregidor de la ciudad. Éstos aducen que dicha prórroga contraviene las leyes del reino, que prohíben a un corregidor permanecer más de dos años el cargo, y que esta prórroga sería además muy negativa para la ciudad, pues no hay dinero para pagar al corregidor, al encontrarse la ciudad bastante debilitada por los fuertes impuestos, el despoblamiento y las riadas. (1481-7-24. Murcia). Fol. 1r-3v&lt;/br&gt;- Copia simple de una ordenanza de [¿Reyes Católicos?] disponiendo ciertas órdenes para evitar la mala actuación de los corregidores en las ciudades del reino, donde se prohíbe, entre otras cosas, que permanezcan más de dos años en el cargo. Fol. 4r-v</subfield></datafield><datafield tag="583" ind1=" " ind2=" "><subfield code="u">http://www.regmurcia.com/servlet/s.Sl?METHOD=VERDOCUMENTO&amp;sit=serv,Carmesi&amp;n=/01/1385/indice.djvu</subfield></datafield><datafield tag="592" ind1=" " ind2=" "><subfield code="a">1481-07-24</subfield></datafield><datafield tag="592" ind1=" " ind2=" "><subfield code="d">1481-07-24 00:00:00</subfield></datafield><datafield tag="651" ind1=" " ind2=" "><subfield code="a">Murcia</subfield></datafield><datafield tag="786" ind1=" " ind2=" "><subfield code="o">http://www.regmurcia.com/servlet/s.Sl?METHOD=VERDOCUMENTO&amp;sit=serv,Carmesi&amp;n=/01/1385/indice.djvu</subfield></datafield><datafield tag="856" ind1=" " ind2=" "><subfield code="u">http://www.regmurcia.com/servlet/s.Sl?METHOD=DETALLE&amp;sit=c,373,m,139,serv,Carmesi&amp;id=1578</subfield></datafield></record></metadata></record></GetRecord></OAI-PMH>
